000 00914nam a2200217Ia 4500
999 _c41022
_d41022
001 7671
003 GE_BSU
005 20240123171159.0
008 181216s2010||||ge |||||||||||||| ||geo||
040 _cGE_BSU
041 _ageo
080 _a27-23 ქ-88
084 _a9789941909160
100 _aქურციკიძე, ციალა
_921095
245 _aქართული ბიბლია /
_cციალა ქურციკიძე ; სარედ. ჯგუფი : ნარგიზა გოგუაძე, ნინო მელიქიშვილი, ლამარა ქაჯაია.
264 _aთბილისი :
_bხელნაწერთა ეროვნ. ცენტრი,
_c2010.
300 _a96 გვ.;
_c17 სმ.
504 _aბიბლიოგრ. ტექსტ. შენიშვნ.
653 _aბიბლია
942 _cBK
_2udc